000 00295nam a22001337a 4500
008 181218b xxu||||| |||| 00| 0 eng d
020 _a9780136007104
041 _aeng
080 _26
_a338
100 _a54
101 _aMAN
245 _aFundamentals Managemnt
_cRobbins.
942 _2udc
_cBK
999 _c53446
_d53446